Caso de un mancebo de edad de 16 años de buena persona y apacible condición de padres y deudos honrados y buen estudiante de latín, deseoso de servir a Dios, pidió el hábito en un convento de la Orden de la Nuestra Señora del Carmen. No obstante que tenía cierta enfermedad de írsele la orina entre sueños

Detalles Bibliográficos
Formato: Libro
Publicado: s.l., s.f.
Materias:
Colección:Banco de datos
Acervo:Biblioteca Palafoxiana. Colección de Manuscritos
Descripción Física:2 f. ; 21 x 30 cm.
Tema general:Eclesiástica
LEADER 00621nam a22001330004500
035 |a 1416 
245 1 0 |a Caso de un mancebo de edad de 16 años de buena persona y apacible condición de padres y deudos honrados y buen estudiante de latín, deseoso de servir a Dios, pidió el hábito en un convento de la Orden de la Nuestra Señora del Carmen. No obstante que tenía cierta enfermedad de írsele la orina entre sueños 
260 |a s.l., s.f. 
300 |a 2 f. ; 21 x 30 cm.  
650 1 0 |a Eclesiástica 
949 |a 32280/171 
942 |c PALAMANU 
943 |g Biblioteca Palafoxiana. Colección de Manuscritos 
999 |c 1069361  |d 1069361